00437pab a2200133 454500008004000000100002100040245016500061260000900226300001300235362000800248650001100256650002100267773001500288180718b2014 xxu||||| |||| 00| 0 eng d aSharma, Narendra aUttar Pradesh: Rise of the underdog Bahujans: Dalits breaking age-old shackles to emerge from social ABYSS; United Labour should not ignore them like UPA rulers c2014 ap.28-29. aOct aTribes aBackward classes aMainstream